000 00757nam a2200229Ia 4500
003 OSt
005 20220923222104.0
006 a|||||r|||| 00| 0
007 ta
008 220922b |||||||| |||| 00| 0 hin d
024 _a202,949
037 _cTextual
040 _aARTS
_cARTS
_bhin
041 _2hin
_ahin
082 _aO157:3N33:1, 152K5
100 _aशंकर, कैतव; पृथ्वीनाथ; सहाय, रधुवीर, अनु.
_9165884
245 0 _aये अनजाने
246 _aYe anajāne
260 _c1982
942 _hO157:3N33:1, 152K5
_cTEXL
_2CC
999 _c353750
_d353750